000 01053nam a2200241Ia 4500
003 Ost
005 20260507075802.0
008 260507s9999||||xx |||||||||||||| ||und||
020 _a9789957026301
040 _cfsecg
041 _aara
082 _a350.1
100 _aمطالي، ليلى
_eمؤلف
245 0 _aمحاضرات في إدارة الموارد البشرية /
_c ليلى مطالي
260 _aعمان:
_bدار مجدلاوي للنشر والتوزيع,
_c2018
300 _a193 صفحة؛
_bإيضاحات ؛
_c24 سم
504 _aبيبليوغرافيا: ص ص.191-193
520 _aيضم مدخل لإدارة المواردالبشرية، تخطيط الموارد البشرية، تصميم وتحليل الوظائف، استقطاب واختيار الموارد البشرية، تدريب وتنمية الموارد البشرية، تقييم الأداء .
653 _aإدارة الأفراد
653 _aالقوى العاملة
653 _aتقييم الأداء
942 _cكتاب
999 _c46299
_d46299